Detalles MARC
| 000 -CABECERA |
| Longitud fija campo de control |
02539nam a2200277Ia 4500 |
| 005 - • FECHA Y HORA DE LA ÚLTIMA TRANSACCIÓN |
| Fecha y hora de la última transacción |
20220316235445.0 |
| 008 - • CÓDIGOS DE INFORMACIÓN DE LONGITUD FIJA |
| Códigos de información de longitud fija |
121119s2003 sp a gr 000 0 spa |
| 020 ## - • NÚMERO INTERNACIONAL NORMALIZADO PARA LIBROS |
| Número Internacional Normalizado para Libros (ISBN) |
8480192844 |
| 041 0# - • CÓDIGO DE LENGUA |
| Código de lengua del texto/banda sonora o título independiente |
spa |
| 082 04 - • NÚMERO DE LA CLASIFICACIÓN DECIMAL DEWEY |
| Número de clasificación (R) |
658.4012 |
| Número del ítem |
P17p |
| 040 ## - FUENTE DE LA CATALOGACIÓN |
| Centro catalogador de origen |
CO-BoRNBP |
| Lengua de catalogación |
spa |
| Normas de descripción |
rda |
| Centro transcriptor |
CO-BoRNBP |
| 100 1# - • PUNTO DE ACCESO PRINCIPAL-NOMBRE DE PERSONA |
| Nombre de persona |
Paris Roche, Fernando |
| 245 13 - • TITULO PROPIAMENTE DICHO |
| Título |
La planificación estratégica en las organizaciones deportivas |
| Mención de responsabilidad, etc. |
Fernando Paris Roche |
| 250 ## - • MENCIÓN DE EDICIÓN |
| Mención de edición |
Primera edición |
| 264 ## - PRODUCCIÓN, PUBLICACIÓN , DISTRIBUCIÓN, FABRICACIÓN Y COPYRIGHT |
| Lugar de producción, publicación, distribución, fabricación |
Barcelona |
| Nombre del productor, editor, distribuidor, fabricante |
Paidotribo |
| Fecha de de producción, publicación, distribución, fabricación o copyright |
2003 |
| 300 ## - • DESCRIPCIÓN FÍSICA |
| Extensión |
171 páginas |
| Otras características físicas |
ilustraciones |
| Dimensiones |
21 cm |
| 336 ## - TIPO DE CONTENIDO |
| Término de tipo de contenido |
texto |
| Código de tipo de contenido |
txt |
| Fuente |
rdacontent |
| 337 ## - TIPO DE MEDIO |
| Nombre del tipo de medio |
sin mediación |
| Código del tipo de medio |
n |
| Fuente |
rdamedia |
| 338 ## - TIPO DE SOPORTE |
| Nombre del tipo de soporte |
volumen |
| Código del tipo de soporte |
nc |
| Fuente |
rdacarrier |
| 490 0# - • MENCIÓN DE SERIE |
| Mención de serie |
Colección gestión y administración |
| 505 3# - • NOTA DE CONTENIDO CON FORMATO |
| Nota de contenido con formato |
Todas las entidades y organizaciones, y por supuesto también las deportivas, se ven sometidas hoy en día a un cambio permanente en su entorno, en sus objetivos, en su forma de actuar, en sus expectativas, en la disponibilidad de recursos. Por todo ello, las organizaciones -y también los individuos- se ven obligados, cada vez con más frecuencia, a reflexionar sobre el camino a abordar en el futuro, sobre qué hacer, por dónde ir. O sea, las entidades -y las personas- se ven apremiadas a planificar. La base de este libro es la experiencia de planificación estratégica desarrollada en el organismo estatal y le será de gran ayuda para la comprensión y la implantación del proceso que denominamos planificación estratégica en las organizaciones y entidades deportivas, que presentan ciertas diferencias cualitativas en relación a las entidades privadas con fines de lucro. Cada organización, club, entidad, construirá a partir de él sus propios métodos, conceptos y forma de proceder, centrándose en el rumbo y en los objetivos. Si está usted al frente de una organización o entidad deportiva, el autor le recomienda que: piense en su situación actual, en los puntos fuertes y débiles de su organización, en los objetivos claros y definidos que le marcan el rumbo en las estrategias más adecuadas para cumplirlas, en los proyectos que está desarrollando, en cómo mejorarlos, etc., y si tiene dudas lea el libro con espíritu constructivo y seguro que le ayudará. Y, no lo olvide, como dice el ilustre jesuita aragonés Baltasar Gracián: Vivir anticipado, -esto es la planificación estratégica. |
| 650 14 - • PUNTO DE ACCESO ADICIONAL DE MATERIA - TÉRMINO DE MATERIA |
| Término de materia o nombre geográfico como elemento inicial |
Administración de empresas |
| Fuente del encabezamiento o término |
LEMB |
| 650 14 - • PUNTO DE ACCESO ADICIONAL DE MATERIA - TÉRMINO DE MATERIA |
| Término de materia o nombre geográfico como elemento inicial |
Administración de instituciones deportivas |
| Fuente del encabezamiento o término |
LEMB |
| 650 14 - • PUNTO DE ACCESO ADICIONAL DE MATERIA - TÉRMINO DE MATERIA |
| Término de materia o nombre geográfico como elemento inicial |
Planificación empresarial |
| Fuente del encabezamiento o término |
LEMB |
| 942 ## - ENTRADA DE ELEMENTOS AGREGADOS (KOHA) |
| Fuente de clasificaión o esquema |
Dewey Decimal Classification |
| Koha [por defecto] tipo de item |
LIbro |